000 00613nam a2200205Ia 4500
001 15018
003 GE_BSU
008 181216s||||||||xx |||||||||||||| ||und||
040 _cGE_BSU
080 _a517.928
100 _aБрейн, де Н.Г.
245 _aАссиметрические методы в анализе
245 _cРед.Н.И.Плужникова
260 _aМосква
260 _bИзд-во Иностранной литературы
260 _c1961
300 _a247стр.20см.
653 _aАссиметрические методы в анализе
942 _cBK
999 _c48137
_d48137